|
|
|
|
| LEADER |
01211nam a2200301 u 4500 |
| 001 |
10023161 |
| 003 |
upatras |
| 005 |
20210117205738.0 |
| 008 |
990123s1997 uk eng |
| 020 |
|
|
|a 0471974145
|
| 040 |
|
|
|a GR-PaULI
|c GR-PaULI
|
| 041 |
0 |
|
|a eng
|
| 082 |
0 |
4 |
|a 572.36
|
| 100 |
1 |
|
|a Stuart, Barbara
|9 9593
|
| 245 |
1 |
0 |
|a Biological applications of infrared spectroscopy
|c author: Barbara Stuart; editor: David J. Ando
|
| 260 |
|
|
|a Chichester
|a New York
|b Published on behalf of ACOL (University of Greenwich) by John Wiley & Sons
|c 1997
|
| 300 |
|
|
|a xx, 191 p.
|b fig., tab.
|c 23 cm.
|
| 490 |
1 |
|
|a Analytical Chemistry by Open Learning
|
| 504 |
|
|
|a Includes index
|
| 650 |
|
4 |
|a Χημεία, Αναλυτική
|9 520
|
| 650 |
|
4 |
|a Βιοχημεία
|9 39
|
| 700 |
1 |
|
|a Ando, David J.
|4 edt
|9 9594
|
| 760 |
1 |
|
|a Analytical chemistry by open learning
|
| 852 |
|
|
|a GR-PaULI
|b ΠΑΤΡΑ
|b ΒΚΠ
|b ΒΣ1
|k ΑΣΧΞ
|h 572.36 S
|m 045485
|p 025000058721
|t 1
|
| 942 |
|
|
|2 ddc
|c BK15
|
| 952 |
|
|
|0 0
|1 0
|4 0
|6 572_360000000000000_S
|7 0
|9 189335
|a LISP
|b LISP
|c BSC
|d 2016-04-24
|i 045485
|l 0
|o 572.36 S
|p 025000058721
|r 2016-04-24 00:00:00
|t 1
|w 2016-04-24
|y BK15
|
| 998 |
|
|
|c ΠΑΝΑΓΟΠΟΥΛΟΥ
|d 1999-07
|
| 999 |
|
|
|c 116635
|d 116635
|